Physics and composition of interstellar matter (Record no. 10327)

MARC details
000 -LEADER
fixed length control field 00868nam a2200217Ia 4500
003 - CONTROL NUMBER IDENTIFIER
control field IN-BaIIA
008 - FIXED-LENGTH DATA ELEMENTS--GENERAL INFORMATION
fixed length control field 211028s9999 xx 000 0 eng d
020 ## - INTERNATIONAL STANDARD BOOK NUMBER
International Standard Book Number 83-85196-72-2
040 ## - CATALOGING SOURCE
Transcribing agency IIA Library
080 ## - UNIVERSAL DECIMAL CLASSIFICATION NUMBER
Universal Decimal Classification number 524.5(082.2)
Item number PHY
111 ## - MAIN ENTRY--MEETING NAME
Meeting name or jurisdiction name as entry element Conference Physics and Composition of Interstellar Matter
Location of meeting Poland
Date of meeting or treaty signing 1990 June 4-9
9 (RLIN) 17550
245 #0 - TITLE STATEMENT
Title Physics and composition of interstellar matter
Remainder of title proceedings of the conference held in Bachotek, Poland, 4-9 June 1990
Statement of responsibility, etc. edited by Jacek Krelowski and Jacek Papaj
260 ## - PUBLICATION, DISTRIBUTION, ETC.
Place of publication, distribution, etc. Torun
Name of publisher, distributor, etc. Nicolaus Copernicus University
Date of publication, distribution, etc. 1990
300 ## - PHYSICAL DESCRIPTION
Extent 238p.
650 ## - SUBJECT ADDED ENTRY--TOPICAL TERM
Topical term or geographic name entry element Astronomy and astrophysics thesaurus
650 ## - SUBJECT ADDED ENTRY--TOPICAL TERM
Topical term or geographic name entry element Interstellar dust
9 (RLIN) 5398
650 ## - SUBJECT ADDED ENTRY--TOPICAL TERM
Topical term or geographic name entry element Interstellar matter
9 (RLIN) 1189
700 ## - ADDED ENTRY--PERSONAL NAME
Personal name Krelowski, Jacek, ed.
9 (RLIN) 17551
700 ## - ADDED ENTRY--PERSONAL NAME
Personal name Papaj, Jacek., ed.
9 (RLIN) 17552
942 ## - ADDED ENTRY ELEMENTS (KOHA)
Koha item type Books
Holdings
Withdrawn status Lost status Damaged status Not for loan Home library Current library Shelving location Date acquired Total Checkouts Full call number Barcode Date last seen Price effective from Koha item type
        IIA Library-Bangalore IIA Library-Bangalore General Stacks 04/03/1992   524.5(082.2)/ PHY 11237 05/11/2021 04/03/1992 Books

Powered by Koha